Un pueblo nuevo: adolescentes

Gespeichert in:
Bibliographische Detailangaben
1. Verfasser: Rodríguez B., Gabriel (VerfasserIn)
Format: Buch
Sprache:Spanisch
Veröffentlicht: Santiago Departamento de Catequesis 1981
Schlagworte:
Tags: Tag hinzufügen
Keine Tags, Fügen Sie den ersten Tag hinzu!

MARC

LEADER 00000nam a2200000 a 4500
001 UCL5116
003 CL-VaPUC
008 040305e19811200CL |||||||||||||||||spa|d
082 0 4 |a 268.433  |b ROD  |2 21 
100 0 |a Rodríguez B., Gabriel  |e author  |9 482793 
245 1 0 |a Un pueblo nuevo: adolescentes 
300 |a 66 p 
942 |c BK 
945 |d 20040305 00:00:00  |a vberengu 
260 |a Santiago  |b Departamento de Catequesis  |c 1981 
650 0 |a Catequesis  |9 314526 
650 0 |a Libros de texto  |9 270019 
583 |a last modification  |c 20040305 00:00:00  |k Rodrigo Vera 
999 |c 307785  |d 307783 
952 |0 0  |1 2  |4 0  |6 268_433000000000000_ROD_1981  |7 0  |8 A  |9 373904  |a BIBTEO  |b BIBTEO  |d 2019-11-21  |i 2104180  |o 268.433 ROD 1981  |p 2104180  |r 2019-11-21  |w 2019-11-21  |x Descarte 2019  |y BK  |k ICR